Computational Methods and Function Theory 1997 (Record no. 8531)
[ view plain ]
| 000 -LEADER | |
|---|---|
| fixed length control field | 00279nam a2200109Ia 4500 |
| 100 ## - MAIN ENTRY--AUTHOR NAME | |
| Personal name | N Papamichael |
| 245 #0 - TITLE STATEMENT | |
| Title | Computational Methods and Function Theory 1997 |
| 260 ## - PUBLICATION, DISTRIBUTION, ETC. (IMPRINT) | |
| Place of publication | London |
| Name of publisher | Addison |
| Year of publication | 2000 |
| 300 ## - PHYSICAL DESCRIPTION | |
| Number of Pages | 955 |
| 942 ## - ADDED ENTRY ELEMENTS (KOHA) | |
| Koha item type | Books |
| Withdrawn status | Lost status | Collection code | Permanent Location | Current Location | Shelving location | Date acquired | Full call number | Accession Number | Koha item type |
|---|---|---|---|---|---|---|---|---|---|
| | | Computer Science | MAJU | MAJU | | 2019-09-14 | 005.2 | 3298 | Computer Science |